000 00585nam a22002177a 4500
003 UA-OsUOA
001 207
007 ta
008 20050524b un ||||| |||| 00| 0 ukr d
090 _a821.161
_bР89
942 _cBK
040 _aUA-OsUOA
_brus
_cUA-OsUOA
_dUA-OsUOA
245 _aРусская драматургия ХVІІІ века
300 _a542 с.
955 _a2
041 _arus
080 _a821.161
260 _aМосква
_bСовременник
_c1987
650 7 _a82 Література. Літературознавство
_2UDC
999 _c286371
_d286371